00555nam a2200193Ia 4500008004100000020001800041050001400059100002100073245002700094245002400121260001500145260002100160260000900181300001400190300002500204300001000229999001900239952010300258180207s9999 xx 000 0 und d a9780545436557 bG233 2014 aGarland, Michael aWhere's my homework? / cby Michael Garland. aNew York : bCartwheel Books, c2014 aunpaged : bcolor illustration ; c22cm. c355514d355514 001040aSSISMbSSISMd2018-02-07l0oER G233 2014pSSISM5059r2018-02-07 00:00:00w2018-02-07yBK